Pilikula:karavali samskrutiya kai gannadi ಪಿಲಿಕುಳ :ಕರಾವಳಿ ಸಂಸ್ಕೃತಿಯ ಕೈಗನ್ನಡಿ (Record no. 225746)
[ view plain ]
| 000 -LEADER | |
|---|---|
| fixed length control field | 00816nam a22002177a 4500 |
| 005 - DATE AND TIME OF LATEST TRANSACTION | |
| control field | 20221215125239.0 |
| 008 - FIXED-LENGTH DATA ELEMENTS--GENERAL INFORMATION | |
| fixed length control field | 221214b ||||| |||| 00| 0 eng d |
| 020 ## - INTERNATIONAL STANDARD BOOK NUMBER | |
| International Standard Book Number | 9788195680719 |
| 040 ## - CATALOGING SOURCE | |
| Transcribing agency | AL |
| 041 ## - LANGUAGE CODE | |
| Language code of text/sound track or separate title | Kannada |
| 082 ## - DEWEY DECIMAL CLASSIFICATION NUMBER | |
| Edition number | 23 |
| Classification number | 954.871K |
| Item number | MOHP |
| 100 ## - MAIN ENTRY--PERSONAL NAME | |
| Personal name | N G Mohan ಎನ್ ಜಿ ಮೋಹನ್ |
| 100 ## - MAIN ENTRY--PERSONAL NAME | |
| 9 (RLIN) | 66151 |
| 245 ## - TITLE STATEMENT | |
| Title | Pilikula:karavali samskrutiya kai gannadi ಪಿಲಿಕುಳ :ಕರಾವಳಿ ಸಂಸ್ಕೃತಿಯ ಕೈಗನ್ನಡಿ |
| 260 ## - PUBLICATION, DISTRIBUTION, ETC. | |
| Place of publication, distribution, etc. | Mangaluru ಮಂಗಳೂರು |
| Name of publisher, distributor, etc. | St Aloysious Prakashana ಸಂತ ಅಲೋಶಿಯಸ್ ಪ್ರಕಾಶನ |
| Date of publication, distribution, etc. | 2022 |
| 300 ## - PHYSICAL DESCRIPTION | |
| Extent | 108 p. |
| Other physical details | PB |
| Dimensions | 18x18 cm. |
| 365 ## - TRADE PRICE | |
| Currency code | ₹ |
| Unit of pricing | ₹400.00 |
| 650 ## - SUBJECT ADDED ENTRY--TOPICAL TERM | |
| Topical term or geographic name entry element | pilikula |
| 9 (RLIN) | 66026 |
| 650 ## - SUBJECT ADDED ENTRY--TOPICAL TERM | |
| Topical term or geographic name entry element | Pilikula Natural Sancturay |
| 9 (RLIN) | 66152 |
| 700 ## - ADDED ENTRY--PERSONAL NAME | |
| Personal name | MOHAN (N G) |
| 9 (RLIN) | 66027 |
| 942 ## - ADDED ENTRY ELEMENTS (KOHA) | |
| Source of classification or shelving scheme | Dewey Decimal Classification |
| Koha item type | Donated Books |
| Withdrawn status | Lost status | Source of classification or shelving scheme | Damaged status | Not for loan | Collection code | Home library | Current library | Date acquired | Total Checkouts | Full call number | Barcode | Date last seen | Cost, replacement price | Price effective from | Koha item type | Public note | Date last checked out |
|---|---|---|---|---|---|---|---|---|---|---|---|---|---|---|---|---|---|
| Dewey Decimal Classification | History | St Aloysius Library | St Aloysius Library | 12/14/2022 | 954.871K MOHP | D04845 | 12/14/2022 | 400.00 | 12/14/2022 | Donated Books | Donated by St Aloysius Prakashana | ||||||
| Dewey Decimal Classification | History | St Aloysius Library | St Aloysius Library | 12/14/2022 | 954.871K MOHP | D04846 | 12/14/2022 | 400.00 | 12/14/2022 | Donated Books | Donated by St Aloysius Prakashana | ||||||
| Dewey Decimal Classification | History | St Aloysius Library | St Aloysius Library | 12/14/2022 | 2 | 954.871K MOHP | D04847 | 02/17/2025 | 400.00 | 12/14/2022 | Donated Books | Donated by St Aloysius Prakashana | 02/14/2025 | ||||
| Dewey Decimal Classification | History | St Aloysius Library | St Aloysius Library | 12/14/2022 | 1 | 954.871K MOHP | D04848 | 05/31/2025 | 400.00 | 12/14/2022 | Donated Books | Donated by St Aloysius Prakashana | 05/30/2025 | ||||
| Dewey Decimal Classification | History | St Aloysius Library | St Aloysius Library | 12/14/2022 | 2 | 954.871K MOHP | D04849 | 01/05/2023 | 400.00 | 12/14/2022 | Donated Books | Donated by St Aloysius Prakashana | 12/16/2022 |